[Event "ch-IND"]
[Site "Mumbai IND"]
[Date "2003.01.18"]
[Round "1"]
[White "Venkatesh,M"]
[Black "Prakash,G"]
[Result "1/2-1/2"]
[WhiteElo "2399"]
[BlackElo "2439"]
[EventDate "2003.01.18"]

1. e4 c6 2. d4 d5 3. Nc3 dxe4 4. Nxe4 Bf5 5. Ng3 Bg6 6. h4 h6 7. Nf3 Nd7 8.
h5 Bh7 9. Bd3 Bxd3 10. Qxd3 e6 11. Bd2 Ngf6 12. O-O-O Be7 13. Kb1 O-O 14.
Qe2 c5 15. c4 cxd4 16. Nxd4 Qb6 17. Be3 Nc5 18. f4 a6 19. Nb3 Qc6 20. Bxc5
Bxc5 21. Rhe1 Bb4 22. Rf1 Rac8 23. Rd4 a5 24. Ne4 Nxe4 25. Rxe4 Rfd8 26.
Rc1 a4 27. Nd4 Qc5 28. Nc2 Rd2 29. Qf3 b5 30. b3 Rf2 31. Qd3 axb3 32. axb3
Ra8 33. Qd4 Qxd4 34. Nxd4 Bd2 35. Rd1 bxc4 36. Re2 Rxe2 37. Nxe2 c3 38. g3
Kf8 39. Kc2 Rc8 40. Ra1 Rc7 41. Ra4 Ke7 42. Rc4 Be1 43. Kd1 Bf2 44. Kc2 Be1
45. Kd1 Bf2 46. Kc2 Be1 47. Kd1 Ke8 48. Ng1 1/2-1/2

[Event "ch-IND"]
[Site "Mumbai IND"]
[Date "2003.01.18"]
[Round "1"]
[White "Bakre,T"]
[Black "Sriram,J"]
[Result "1-0"]
[WhiteElo "2464"]
[BlackElo "2448"]
[EventDate "2003.01.18"]

1. e4 c5 2. Nf3 d6 3. d4 cxd4 4. Nxd4 Nf6 5. Nc3 a6 6. Bg5 e6 7. Qe2 Be7 8.
h4 h6 9. Bd2 Qb6 10. Nb3 Qc7 11. g4 Nc6 12. f4 b5 13. Bg2 b4 14. Nd1 a5 15.
g5 Nd7 16. c3 Ba6 17. Qf3 hxg5 18. hxg5 Rxh1+ 19. Bxh1 Nce5 20. fxe5 Nxe5
21. Qe3 Qc4 22. Bg2 Bxg5 23. Nxa5 Bh4+ 24. Nf2 Qb5 25. Kd1 Qxa5 26. cxb4
Qd8 27. Bc3 Qf6 28. Nh3 Bf1 29. Qg1 Bxg2 30. Qxg2 Qh6 31. Qe2 Bf6 32. Ng1
Qg6 33. Kc2 d5 34. Kb3 Qxe4 35. Qxe4 dxe4 36. Re1 Nf3 37. Nxf3 exf3 38.
Bxf6 gxf6 39. Rf1 e5 40. Rxf3 Ke7 41. a4 Ke6 42. b5 e4 43. Rf1 Ke5 44. Kb4
f5 45. b6 f4 46. a5 e3 47. b7 Rb8 48. a6 e2 49. Re1 f3 50. Kc3 Kd5 51. a7
f2 52. Kd2 fxe1=Q+ 53. Kxe1 Rxb7 54. a8=Q Kc6 55. Kxe2 Kc7 56. Qa5+ Kd6 57.
b4 1-0

[Event "ch-IND"]
[Site "Mumbai IND"]
[Date "2003.01.18"]
[Round "1"]
[White "Roy Chowdhury,S"]
[Black "Neelotpal,D"]
[Result "1/2-1/2"]
[WhiteElo "2395"]
[BlackElo "2406"]
[EventDate "2003.01.18"]

1. d4 Nf6 2. Nf3 e6 3. e3 b6 4. Bd3 Bb7 5. O-O d5 6. c4 Be7 7. Nc3 O-O 8.
cxd5 exd5 9. b3 a6 10. Bb2 Bd6 11. Rc1 Nbd7 12. Ne2 Qe7 13. Ng3 g6 14. Qc2
Rac8 15. Qe2 a5 16. Ba6 Bxa6 17. Qxa6 a4 18. Qxa4 Ra8 19. Qc6 Rxa2 20. Qc2
Ne4 21. Ra1 Rfa8 22. Rxa2 Rxa2 23. Qb1 Ra5 24. Ne2 Qe8 25. Qc2 Nef6 26. Nc3
Ne4 27. h3 Nxc3 28. Bxc3 Ra3 29. Bb2 Ra2 30. Qb1 Ra7 31. Rd1 Nf6 32. Qd3
Ra2 33. Qb1 Ra7 34. Qd3 Ra2 35. Qb1 Ra5 36. Nd2 Qb5 37. Bc3 Ra3 38. Re1 Ra8
39. Qc2 Qc6 40. Rc1 Ra7 41. Qd3 Qa8 42. f3 Ra2 43. Re1 Bg3 44. Ra1 Ra4
1/2-1/2

[Event "ch-IND"]
[Site "Mumbai IND"]
[Date "2003.01.18"]
[Round "1"]
[White "Thipsay,P"]
[Black "Soman,S"]
[Result "0-1"]
[WhiteElo "2465"]
[BlackElo "2364"]
[EventDate "2003.01.18"]

1. e4 c5 2. Nf3 e6 3. d4 cxd4 4. Nxd4 a6 5. Bd3 Nc6 6. Nxc6 dxc6 7. O-O e5
8. Nd2 Bd6 9. Nc4 Nf6 10. a4 Be6 11. Nxd6+ Qxd6 12. b3 O-O 13. Ba3 c5 14.
Qe2 Rfd8 15. Rfd1 Rac8 16. Bb2 c4 17. Bxc4 Bxc4 18. bxc4 Qc6 19. Bxe5 Nxe4
20. Rd5 f5 21. Rad1 Re8 22. Qf3 Qe6 23. Qd3 Nc5 24. Qg3 Qg6 25. a5 Ne6 26.
Qb3 Qg4 27. h3 Qxc4 28. Qxc4 Rxc4 29. Rb1 Re7 30. c3 g6 31. Rbd1 Kf7 32.
Bd6 Rd7 33. Bb4 Rxd5 34. Rxd5 Ke8 35. Rd6 Rc6 36. Rd5 Rc8 37. g4 fxg4 38.
hxg4 Rd8 39. Re5 Kf7 40. Re3 Rd7 41. Rf3+ Kg8 42. Rf6 Ng5 43. Rb6 Kf7 44.
Kg2 Ne6 45. Bd6 Nd8 46. Bb4 Nc6 47. c4 Ke6 48. Bc3 Kd6 49. f4 Kc5 50. Be1
Kxc4 51. Kf3 Nd4+ 52. Kf2 Rf7 53. Bd2 Nc6 54. Rb2 Kd3 55. Ke1 Nd4 56. Bc1
h5 57. f5 hxg4 58. fxg6 Rg7 59. Rd2+ Kc4 60. Rb2 Kd3 61. Kd1 Re7 62. Bd2
Nc6 63. Rb3+ Kd4 64. Rh3 Rf7 65. Rb3 Rf5 66. Ke1 Rf7 67. Rg3 Kc4 68. Rh3
Nd4 69. Rg3 Re7+ 70. Kd1 Kd5 71. Rc3 Re2 72. Rh3 Kc4 73. Rh4 Re4 74. Rh3
Rf4 75. Rh7 Kb5 76. Rh3 Kc4 77. Rh6 Nf3 78. Kc1 Nxd2 79. Kd1 Nf3 80. Kc1
Nd4 81. Kd1 Rf2 0-1

[Event "ch-IND"]
[Site "Mumbai IND"]
[Date "2003.01.18"]
[Round "1"]
[White "Arvind,S"]
[Black "Barua,D"]
[Result "0-1"]
[WhiteElo "2330"]
[BlackElo "2541"]
[EventDate "2003.01.18"]

1. e4 e6 2. d4 d5 3. Nd2 Nf6 4. e5 Nfd7 5. f4 c5 6. c3 Nc6 7. Ndf3 cxd4 8.
cxd4 f5 9. Bd3 Be7 10. Ne2 O-O 11. O-O Nb6 12. Kh1 Bd7 13. Rg1 Be8 14. a3
Bh5 15. Qf1 Na5 16. h3 Nb3 17. Rb1 Nc4 18. g4 Nxc1 19. Rxc1 Ne3 20. Qf2
fxg4 21. Qxe3 gxf3 22. Ng3 Bg6 23. Bxg6 hxg6 24. Qxf3 Rc8 25. Rxc8 Qxc8 26.
Qg4 g5 27. Nh5 g6 28. Nf6+ Bxf6 29. exf6 Rxf6 30. fxg5 Rf5 31. Qe2 Kf7 32.
Rf1 Qh8 33. Rxf5+ gxf5 34. g6+ Kxg6 35. Qxe6+ Kg5 36. Qe3+ f4 37. Qg1+ Kf5
38. Kh2 Qb8 39. Qb1+ Kf6 40. Qe1 0-1

[Event "ch-IND"]
[Site "Mumbai IND"]
[Date "2003.01.18"]
[Round "1"]
[White "Saravanan,V"]
[Black "Ravi,L"]
[Result "0-1"]
[WhiteElo "2357"]
[BlackElo "2419"]
[EventDate "2003.01.18"]

1. e4 e6 2. d4 d5 3. Nc3 Nf6 4. e5 Nfd7 5. f4 c5 6. Nce2 Nc6 7. c3 a5 8.
Nf3 a4 9. h4 a3 10. b3 Be7 11. h5 f5 12. Be3 O-O 13. g3 b6 14. Bh3 Ba6 15.
g4 Bxe2 16. Kxe2 cxd4 17. Nxd4 Nxd4+ 18. cxd4 Nb8 19. gxf5 exf5 20. Qd3 Qd7
21. Rac1 Na6 22. Bd2 Bb4 23. Rhg1 Bxd2 24. Qxd2 Rac8 25. Rxc8 Qxc8 26. Rg5
Nc7 27. Ke3 Nb5 28. Rg2 Nc3 29. h6 g6 30. Qc1 Ne4 31. Rc2 Qd8 32. Qe1 g5
33. Qg1 Kh8 34. fxg5 Nxg5 35. Kd3 Ne6 36. Rc6 Nf4+ 37. Kd2 Rg8 38. Qe3 Qh4
39. e6 0-1

[Event "ch-IND"]
[Site "Mumbai IND"]
[Date "2003.01.18"]
[Round "2"]
[White "Ganguly,S"]
[Black "Ramesh,R"]
[Result "1-0"]
[WhiteElo "2556"]
[BlackElo "2472"]
[EventDate "2003.01.18"]

1. e4 c5 2. Nf3 Nc6 3. d4 cxd4 4. Nxd4 Qb6 5. Nb3 Nf6 6. Nc3 e6 7. Bd3 Be7
8. O-O O-O 9. Be3 Qc7 10. f4 d6 11. Qf3 a6 12. Rae1 b5 13. e5 dxe5 14. fxe5
Nd7 15. Bf4 b4 16. Nd1 Bb7 17. Qg3 Rfd8 18. Ne3 Nf8 19. Nc4 Ng6 20. Bxg6
hxg6 21. Nd6 Na5 22. Nxf7 Kxf7 23. Be3+ Ke8 24. Qxg6+ Kd7 25. Rf7 Re8 26.
Nc5+ Kc6 27. Qe4+ 1-0

[Event "ch-IND"]
[Site "Mumbai IND"]
[Date "2003.01.18"]
[Round "2"]
[White "Barua,D"]
[Black "Saravanan,V"]
[Result "1-0"]
[WhiteElo "2541"]
[BlackElo "2357"]
[EventDate "2003.01.18"]

1. e4 c5 2. Nf3 d6 3. d4 cxd4 4. Nxd4 Nf6 5. Nc3 a6 6. Be2 e5 7. Nb3 Be7 8.
O-O O-O 9. Kh1 b5 10. a4 b4 11. Nd5 Bb7 12. Nxe7+ Qxe7 13. f3 d5 14. exd5
Bxd5 15. Bg5 Rd8 16. Qe1 Nc6 17. Nd2 h6 18. Bh4 g5 19. Bg3 Nh5 20. Bd3 Qe6
21. b3 f5 22. Nc4 f4 23. Bf2 g4 24. Be4 Bxe4 25. Qxe4 g3 26. hxg3 fxg3 27.
Be3 Kg7 28. Rad1 Qg6 29. Qxg6+ Kxg6 30. Bb6 Rxd1 31. Rxd1 Kg5 32. Rd6 Rc8
33. Be3+ Nf4 34. Nd2 Ne7 35. Ne4+ Kh5 36. Nxg3+ Kh4 37. Ne4 1-0

[Event "ch-IND"]
[Site "Mumbai IND"]
[Date "2003.01.18"]
[Round "2"]
[White "Ravi,L"]
[Black "Kunte,A"]
[Result "1/2-1/2"]
[WhiteElo "2419"]
[BlackElo "2507"]
[EventDate "2003.01.18"]

1. d4 Nf6 2. c4 e6 3. Nc3 Bb4 4. e3 O-O 5. Bd3 d5 6. cxd5 exd5 7. Nge2 c5
8. a3 cxd4 9. exd4 Bd6 10. O-O Nc6 11. Bc2 1/2-1/2

[Event "ch-IND"]
[Site "Mumbai IND"]
[Date "2003.01.18"]
[Round "2"]
[White "Suvrajit,S"]
[Black "Venkatesh,M"]
[Result "1-0"]
[WhiteElo "2390"]
[BlackElo "2399"]
[EventDate "2003.01.18"]

1. d4 Nf6 2. c4 e6 3. Nc3 Bb4 4. e3 c5 5. Nge2 cxd4 6. exd4 d5 7. a3 Be7 8.
c5 a5 9. Rb1 b6 10. b4 axb4 11. axb4 O-O 12. g3 bxc5 13. dxc5 Ba6 14. Bg2
Bc4 15. O-O Na6 16. Bf4 Nh5 17. Be3 Qe8 18. Re1 Rb8 19. Nd4 Nf6 20. Nc2 e5
21. Bg5 d4 22. Rxe5 dxc3 23. Bxf6 Be6 24. Bxe7 Qxe7 25. Qd4 Qf6 26. Qxc3
Bf5 27. Re3 Bxc2 28. Qxc2 Nxb4 29. Qe4 Na6 30. Rxb8 Nxb8 31. c6 Qa1+ 32.
Re1 Qc3 33. Qe5 Qc2 34. Qd6 Qc3 35. Rb1 Na6 36. Bf1 Qc5 1-0

[Event "ch-IND"]
[Site "Mumbai IND"]
[Date "2003.01.18"]
[Round "2"]
[White "Prathamesh,S"]
[Black "Roy Chowdhury,S"]
[Result "0-1"]
[WhiteElo "2366"]
[BlackElo "2395"]
[EventDate "2003.01.18"]

1. e4 c5 2. Nf3 Nc6 3. d4 cxd4 4. Nxd4 e5 5. Nb5 d6 6. N1c3 a6 7. Na3 b5 8.
Nd5 Nce7 9. c4 Nxd5 10. exd5 bxc4 11. Nxc4 Nf6 12. Be2 Be7 13. Be3 Rb8 14.
a4 O-O 15. O-O Bb7 16. Nb6 Nd7 17. a5 Nxb6 18. Bxb6 Qd7 19. Qd2 Bd8 20. Be3
f5 21. f3 Qf7 22. Rfd1 Qg6 23. Ra3 Bc8 24. f4 Bf6 25. b4 Qe8 26. Rb1 Kh8
27. Rab3 Ra8 28. b5 axb5 29. Bxb5 Bd7 30. Bf1 Ba4 31. Rb7 Rc8 32. a6 Bc2
33. Bb5 Qg6 34. Rc1 exf4 35. Bxf4 Be4 36. Rxc8 Rxc8 37. Bf1 Qe8 38. a7 Bc3
39. Qd1 Bc2 40. Qe2 Bd4+ 41. Kh1 Be4 42. Bxd6 h6 43. h3 Kh7 44. Bf4 0-1

[Event "ch-IND"]
[Site "Mumbai IND"]
[Date "2003.01.19"]
[Round "3"]
[White "Neelotpal,D"]
[Black "Prathamesh,S"]
[Result "1/2-1/2"]
[WhiteElo "2406"]
[BlackElo "2366"]
[EventDate "2003.01.18"]

1. e4 c5 2. Nf3 e6 3. d4 cxd4 4. Nxd4 a6 5. Bd3 Nf6 6. O-O Qc7 7. Qe2 d6 8.
c4 g6 9. Nc3 Bg7 10. Nf3 O-O 11. Rd1 Nc6 12. Bf4 e5 13. Be3 Bg4 14. h3 Nd4
1/2-1/2

[Event "ch-IND"]
[Site "Mumbai IND"]
[Date "2003.01.19"]
[Round "3"]
[White "Ramesh,R"]
[Black "Ravi,L"]
[Result "1/2-1/2"]
[WhiteElo "2472"]
[BlackElo "2419"]
[EventDate "2003.01.18"]

1. e4 e6 2. d4 d5 3. Nd2 dxe4 4. Nxe4 Nd7 5. Bd3 Ngf6 6. Qe2 c5 7. Nxf6+
Nxf6 8. dxc5 Bxc5 9. Nf3 O-O 10. O-O Qc7 11. Bg5 Be7 12. Rad1 b6 13. Ne5
Bb7 14. Bxf6 Bxf6 15. Nd7 Qc6 16. Bxh7+ Kxh7 17. Qg4 Kg8 18. Qe2 Bxb2 19.
Qg4 f5 20. Rfe1 Rf6 21. Rf1 Raf8 1/2-1/2

[Event "ch-IND"]
[Site "Mumbai IND"]
[Date "2003.01.19"]
[Round "3"]
[White "Bakre,T"]
[Black "Soman,S"]
[Result "1-0"]
[WhiteElo "2464"]
[BlackElo "2364"]
[EventDate "2003.01.18"]

1. e4 c5 2. Nf3 e6 3. b3 a6 4. Bb2 d5 5. exd5 exd5 6. d4 Nf6 7. Bd3 Be7 8.
O-O O-O 9. h3 Nc6 10. a3 h6 11. Nbd2 Nh5 12. dxc5 Bxc5 13. b4 Bd6 14. Nb3
Nf4 15. Re1 Be6 16. Qd2 Rc8 17. Nc5 Rc7 18. Bf1 Bc8 19. Rad1 a5 20. b5 Ne7
21. Na4 Neg6 22. Qd4 f6 23. Qd2 Kh8 24. Bd4 Re7 25. Be3 Rfe8 26. Nc3 Be6
27. Nd4 Bc8 28. Nf3 Be6 29. g3 Nxh3+ 30. Bxh3 Bxh3 31. Nxd5 Re6 32. Nd4 Re5
33. Nf3 Bg4 34. Nf4 Nxf4 35. Nxe5 Nh3+ 36. Kg2 fxe5 37. Qxd6 Bxd1 38. Rxd1
Qc8 39. Qd7 Ng5 40. Qxc8 Rxc8 41. Rd7 Rxc2 42. Rxb7 Ra2 43. b6 e4 44. Re7
1-0

[Event "ch-IND"]
[Site "Mumbai IND"]
[Date "2003.01.19"]
[Round "3"]
[White "Roy Chowdhury,S"]
[Black "Ganguly,S"]
[Result "1/2-1/2"]
[WhiteElo "2395"]
[BlackElo "2556"]
[EventDate "2003.01.18"]

1. d4 Nf6 2. Nf3 g6 3. Bf4 Bg7 4. e3 O-O 5. h3 c5 6. c3 d5 7. Nbd2 Nc6 8.
Be2 Nd7 9. O-O e5 10. dxe5 Ndxe5 11. Nxe5 Nxe5 12. Nf3 Nc6 13. Qb3 Na5 14.
Qa3 Qb6 15. Rad1 Rd8 16. b4 Nc4 17. Qb3 Be6 18. Nd4 Bf8 19. a3 a5 20. Nxe6
fxe6 21. Bxc4 1/2-1/2

[Event "ch-IND"]
[Site "Mumbai IND"]
[Date "2003.01.19"]
[Round "3"]
[White "Saravanan,V"]
[Black "Prakash,G"]
[Result "1/2-1/2"]
[WhiteElo "2357"]
[BlackElo "2439"]
[EventDate "2003.01.18"]

1. e4 c6 2. c4 d5 3. exd5 cxd5 4. cxd5 Nf6 5. Nc3 Nxd5 6. Nf3 e6 7. Bc4 Be7
8. O-O O-O 9. d4 Nc6 10. Re1 a6 11. Bb3 Nxc3 12. bxc3 b5 13. Qd3 Bb7 14.
Bc2 g6 15. Bh6 Re8 16. Qe3 Rc8 17. Rad1 Nb4 18. Bxg6 hxg6 19. cxb4 Bxb4 20.
Qe5 Bf8 21. Bxf8 Rxf8 22. Ng5 Qd5 1/2-1/2

[Event "ch-IND"]
[Site "Mumbai IND"]
[Date "2003.01.20"]
[Round "4"]
[White "Ganguly,S"]
[Black "Neelotpal,D"]
[Result "1/2-1/2"]
[WhiteElo "2556"]
[BlackElo "2406"]
[EventDate "2003.01.18"]

1. e4 e6 2. d4 d5 3. Nc3 Bb4 4. e5 Ne7 5. a3 Bxc3+ 6. bxc3 c5 7. Qg4 Qc7 8.
Qxg7 Rg8 9. Qxh7 cxd4 10. Ne2 Nbc6 11. f4 Bd7 12. Qd3 dxc3 13. Qxc3 O-O-O
14. Rb1 Be8 15. g3 d4 16. Qc5 Rd5 17. Qc4 Qa5+ 18. Bd2 Qxa3 19. Bg2 Rc5 20.
Bb4 Rxc4 21. Bxa3 Nd5 22. Kd2 Na5 23. Bb2 Ba4 24. Nxd4 Rd8 25. Bxd5 Rxd5
26. c3 Nb3+ 27. Ke3 Nxd4 28. cxd4 Bc2 29. Rbc1 Rb5 30. Ba1 Rb3+ 31. Kd2
Rd3+ 32. Ke2 Ra3 33. Kf2 b5 34. h4 Kd7 35. h5 Be4 36. Rxc4 bxc4 37. Rc1
Rf3+ 38. Ke2 Rxg3 39. Rxc4 Rh3 40. Ra4 a6 41. Kf2 Rf3+ 42. Kg1 Rxf4 43. d5
exd5 44. Rxa6 Rh4 45. h6 Bg6 46. Rd6+ Ke7 47. Bc3 Rxh6 48. Bb4 Ke8 49. Ba5
Rh5 50. Bd8 Rxe5 51. Bf6 Re7 52. Bxe7 Kxe7 53. Rxd5 1/2-1/2

[Event "ch-IND"]
[Site "Mumbai IND"]
[Date "2003.01.20"]
[Round "4"]
[White "Barua,D"]
[Black "Ramesh,R"]
[Result "1-0"]
[WhiteElo "2541"]
[BlackElo "2472"]
[EventDate "2003.01.18"]

1. e4 Nf6 2. e5 Nd5 3. d4 d6 4. c4 Nb6 5. Nf3 Bg4 6. exd6 exd6 7. Be2 Be7
8. O-O O-O 9. Nc3 Nc6 10. b3 Re8 11. Be3 Bf6 12. h3 Bh5 13. Qd2 d5 14. c5
Nc8 15. a3 h6 16. b4 a6 17. Rfe1 N8e7 18. g4 Bg6 19. Bd3 Bxd3 20. Qxd3 Qd7
21. Bf4 h5 22. g5 Ng6 23. Bg3 Be7 24. Kg2 Bf8 25. Rxe8 Rxe8 26. Re1 Rxe1
27. Nxe1 Nce7 28. b5 axb5 29. Nxb5 b6 30. Nxc7 bxc5 31. dxc5 h4 32. Bh2 d4
33. Nf3 Nc6 34. Qc4 d3 35. Nd5 Qf5 36. Ne3 Qd7 37. a4 Na5 38. Qa6 Nc6 39.
Qb5 d2 40. Qe2 Bxc5 41. Qxd2 Qa7 42. Qc2 Bxe3 43. fxe3 Nce7 44. Qe4 Qc5 45.
Bg1 Qa5 46. Bf2 Qc5 47. Qd4 Qa5 48. Qc4 Qa8 49. Qb5 Nc6 50. Kf1 Na7 51. Qf5
Nc6 52. Qe4 Qa6+ 53. Kg2 Nce7 54. Bxh4 Nxh4+ 55. Nxh4 Qe2+ 56. Kg1 Qe1+ 57.
Kh2 Qd2+ 58. Ng2 Qd6+ 59. Qf4 Qa6 60. h4 g6 61. Qb8+ Kg7 62. Qe5+ Kf8 63.
Qh8+ Ng8 64. Qd4 Qa5 65. Qa1 Ne7 66. Qa3 Ke8 67. Qb3 Qe5+ 68. Kg1 Kf8 69.
Qb4 Kg8 70. Qb5 Nd5 71. a5 Kg7 72. Qc5 Qa1+ 73. Kf2 Nc3 74. Qd4+ Kg8 75. a6
Qa2+ 76. Kf3 Ne2 77. Qd3 Nc1 78. Qb5 Kh7 79. Nf4 Nb3 80. Qd5 Nd2+ 81. Kg4
1-0

[Event "ch-IND"]
[Site "Mumbai IND"]
[Date "2003.01.20"]
[Round "4"]
[White "Sundararajan,K"]
[Black "Bakre,T"]
[Result "1/2-1/2"]
[WhiteElo "2416"]
[BlackElo "2464"]
[EventDate "2003.01.18"]

1. d4 Nf6 2. c4 e6 3. Nc3 Bb4 4. Qc2 O-O 5. a3 Bxc3+ 6. Qxc3 b6 7. Bg5 Bb7
8. e3 d6 9. f3 Nbd7 10. Nh3 h6 11. Bh4 c5 12. dxc5 bxc5 13. Be2 Qb6 14. O-O
d5 15. Rfd1 Ba6 16. Rd2 Bxc4 17. Bxc4 dxc4 18. Qxc4 Rab8 19. Bg3 Qb3 20.
Qxb3 Rxb3 21. e4 Nb6 22. Rc1 Rc8 23. Nf2 c4 24. Nd1 Nfd7 25. Bd6 Na4 26.
Rdc2 Ndb6 27. Bb4 Rd8 28. Ba5 Rd7 29. Bxb6 Nxb6 30. Nc3 Kf8 31. Kf2 Ke7 32.
Ke2 f6 33. Nb1 Na4 34. Nd2 Rxb2 35. Rxb2 Nxb2 36. Rc2 Rb7 37. Nxc4 Nxc4 38.
Rxc4 Rb2+ 39. Kf1 Kd6 40. Ra4 Rb7 41. Kf2 g5 42. Kg3 h5 43. h4 Rg7 44. hxg5
Rxg5+ 45. Kh4 a5 46. g3 Rc5 47. Rd4+ Ke7 48. f4 Kf7 49. Rd7+ Kg6 50. Rd6
Kf7 51. Rd7+ 1/2-1/2

[Event "ch-IND"]
[Site "Mumbai IND"]
[Date "2003.01.20"]
[Round "4"]
[White "Prakash,G"]
[Black "Kunte,A"]
[Result "1/2-1/2"]
[WhiteElo "2439"]
[BlackElo "2507"]
[EventDate "2003.01.18"]

1. d4 Nf6 2. c4 e6 3. Nf3 b6 4. g3 Ba6 5. Nbd2 d5 6. Bg2 Be7 7. O-O O-O 8.
cxd5 exd5 9. Ne5 c5 10. dxc5 bxc5 11. Ndc4 Bb7 12. Qb3 Bc6 13. Ne3 Qd6 14.
Nxc6 Nxc6 15. Nxd5 Nd4 16. Bf4 Nxe2+ 17. Kh1 Nxf4 18. Nxe7+ Qxe7 19. Bxa8
Rxa8 20. gxf4 Qe4+ 21. f3 Qxf4 22. Rac1 Rd8 23. Qc4 Qe5 24. Qxc5 Qxb2 25.
Qxa7 h6 26. Rb1 Qe5 27. Qb6 Ra8 28. Qb2 Qe6 29. Ra1 Nh5 30. Qb3 Ng3+ 31.
Kg2 Nxf1 32. Qxe6 fxe6 33. Rxf1 Rxa2+ 34. Kg3 Kf7 35. h4 Kf6 36. Rc1 Ra4
37. Rc5 Ra1 38. Kg2 Rd1 39. Kg3 Rd5 40. Rc8 h5 41. Rf8+ Ke7 42. Rh8 Kf7 43.
Kf4 g5+ 44. hxg5 Rf5+ 45. Ke4 Rxg5 46. f4 Ra5 47. Rh6 Ke7 48. Kf3 Rf5 49.
Ke4 Kf7 50. Ke3 Rb5 51. Ke4 Rb4+ 52. Kf3 Rb3+ 53. Kg2 h4 54. Rxh4 Kg6 55.
Rh3 1/2-1/2

[Event "ch-IND"]
[Site "Mumbai IND"]
[Date "2003.01.20"]
[Round "4"]
[White "Sriram,J"]
[Black "Arvind,S"]
[Result "0-1"]
[WhiteElo "2448"]
[BlackElo "2330"]
[EventDate "2003.01.18"]

1. d4 Nf6 2. c4 e6 3. Nf3 Be7 4. Nc3 d5 5. Bg5 c6 6. e3 Nbd7 7. Qc2 O-O 8.
Bd3 Re8 9. O-O h6 10. Bh4 a6 11. a4 c5 12. cxd5 exd5 13. dxc5 Nxc5 14. Nd4
Be6 15. Bf5 Rc8 16. Bxe6 fxe6 17. Qg6 Qd7 18. Nce2 Nfe4 19. Bxe7 Qxe7 20.
Nf4 Qf7 21. Qxf7+ Kxf7 22. b4 g5 23. Nxd5 Nd7 24. f3 Nd6 25. Nxe6 Rxe6 26.
e4 Nf6 27. Ne3 Rc3 28. Kf2 Kg6 29. Rfe1 Rb3 30. Rad1 Nf7 31. Rd4 Rb6 32.
Nc2 Rb2 33. Re2 Rc6 34. Ne3 Rb3 35. Nd5 Re6 36. Ne3 Ne5 37. Nc2 Nd3+ 38.
Kf1 Rb1+ 39. Ne1 Nxb4 40. Kf2 Nc6 41. Rdd2 Rb4 42. Nd3 Rd4 43. Nc5 Rxd2 44.
Rxd2 Re7 45. Rd6 Ne5 46. Rb6 Nc4 47. Rxb7 Rxb7 48. Nxb7 Nd7 49. Ke2 Kf6 50.
a5 Ke7 51. Kd3 Nd6 52. Nxd6 Kxd6 53. g3 Ne5+ 54. Ke2 Nc4 55. f4 g4 56. Kd3
Nxa5 57. Kd4 Nb3+ 58. Kc3 Nc5 59. Kd4 Ne6+ 60. Kc4 h5 61. e5+ Kc6 62. Kb4
Kd5 63. Ka5 Nd4 64. Kxa6 Nf3 65. Kb7 Nxh2 66. Kc7 Kd4 0-1

[Event "ch-IND"]
[Site "Mumbai IND"]
[Date "2003.01.20"]
[Round "5"]
[White "Neelotpal,D"]
[Black "Ravi,L"]
[Result "1-0"]
[WhiteElo "2406"]
[BlackElo "2419"]
[EventDate "2003.01.18"]

1. e4 e6 2. d4 d5 3. Nc3 Nf6 4. e5 Nfd7 5. f4 c5 6. Nf3 Nc6 7. Be3 cxd4 8.
Nxd4 Bc5 9. Qd2 O-O 10. O-O-O Nxd4 11. Bxd4 a6 12. h4 b5 13. Rh3 b4 14. Na4
Bxd4 15. Qxd4 a5 16. Kb1 Qc7 17. b3 Ba6 18. c4 Rac8 19. Re3 Rfd8 20. Rc1
dxc4 21. Bxc4 Bb5 22. Qd6 Bxa4 23. bxa4 Nb6 24. Qxc7 Rxc7 25. Bb3 Rxc1+ 26.
Kxc1 Rd4 27. g3 Nd7 28. Bc2 Nb6 29. Bb3 Nd7 30. Bc2 g6 31. Rd3 Rxd3 32.
Bxd3 Nc5 33. Bc2 Kf8 34. Kd2 Ke7 35. Ke3 Kd7 36. Kd4 Kc6 37. g4 h6 38. h5
gxh5 39. gxh5 Kb6 40. Bg6 Nxa4 41. Bxf7 Nc5 42. f5 exf5 43. e6 Nxe6+ 44.
Bxe6 f4 45. Ke4 Kc5 46. Kxf4 a4 47. Ke5 b3 48. Bxb3 1-0

[Event "ch-IND"]
[Site "Mumbai IND"]
[Date "2003.01.20"]
[Round "5"]
[White "Ramesh,R"]
[Black "Prakash,G"]
[Result "1/2-1/2"]
[WhiteElo "2472"]
[BlackElo "2439"]
[EventDate "2003.01.18"]

1. e4 e6 2. d4 d5 3. Nd2 c5 4. Ngf3 Nf6 5. e5 Nfd7 6. c3 Be7 7. Bd3 b6 8.
Qe2 cxd4 9. cxd4 a5 10. a4 Nc6 11. Nb1 1/2-1/2

[Event "ch-IND"]
[Site "Mumbai IND"]
[Date "2003.01.20"]
[Round "5"]
[White "Venkatesh,M"]
[Black "Soman,S"]
[Result "1-0"]
[WhiteElo "2399"]
[BlackElo "2364"]
[EventDate "2003.01.18"]

1. e4 c5 2. Nf3 e6 3. d4 cxd4 4. Nxd4 a6 5. c4 Nf6 6. Nc3 Qc7 7. Qe2 d6 8.
g4 Nc6 9. Nc2 Be7 10. g5 Nd7 11. h4 b6 12. Bh3 h6 13. g6 Nde5 14. h5 Nd8
15. b3 b5 16. Ne3 b4 17. Ncd1 Bf6 18. Bb2 fxg6 19. f4 Nd7 20. hxg6 Bb7 21.
Nf2 Bxb2 22. Qxb2 Nc5 23. O-O-O Nxe4 24. Nxe4 Bxe4 25. Rhf1 Qc5 26. Qd4
Bxg6 27. f5 Bh5 28. Qxc5 dxc5 29. Rd6 Ke7 30. Rb6 Rf8 31. Rg1 exf5 32.
Nxf5+ Rxf5 33. Bxf5 Kf8 34. Rf1 Ke7 35. Bg6 Bg4 36. Be4 Ra7 37. Rg6 Be6 38.
Rxg7+ Nf7 39. Rh7 a5 40. Bg6 Kf8 41. Re1 Re7 42. Bxf7 1-0

[Event "ch-IND"]
[Site "Mumbai IND"]
[Date "2003.01.20"]
[Round "5"]
[White "Roy Chowdhury,S"]
[Black "Barua,D"]
[Result "0-1"]
[WhiteElo "2395"]
[BlackElo "2541"]
[EventDate "2003.01.18"]

1. Nf3 d5 2. d4 c6 3. c3 Bf5 4. Bf4 Qb6 5. Qb3 Nd7 6. Nbd2 h6 7. h3 e6 8.
e3 Ngf6 9. Be2 Be7 10. Ne5 Nxe5 11. Bxe5 O-O 12. Qxb6 axb6 13. O-O Nd7 14.
Bf4 b5 15. f3 Nb6 16. e4 Bh7 17. Bd3 Na4 18. Rab1 b4 19. c4 Rfd8 20. Nb3 c5
21. cxd5 exd5 22. dxc5 Nxc5 23. Bc2 dxe4 24. fxe4 Bxe4 25. Bxe4 Nxe4 26.
Rbe1 f5 27. g4 Bh4 28. Re2 Rxa2 29. gxf5 Nf6 30. Rc1 Nd5 31. Be5 Re8 32.
Rcc2 Bg5 33. Bd4 Raa8 34. Kh2 Rf8 35. f6 Bxf6 36. Bxf6 Rxf6 37. Re5 Nf4 38.
Re4 Nd3 39. Re3 Rf2+ 40. Rxf2 Nxf2 41. Kg2 Nd1 42. Re4 Ra4 43. Nc5 Ra5 44.
Nxb7 Rb5 45. Nd6 Rd5 46. Nc8 Rd2+ 47. Kg3 Rxb2 48. Ne7+ Kf7 49. Nc6 b3 50.
Rb4 Rb1 51. Rb7+ Kf6 52. Na5 b2 53. Nc4 g6 54. h4 h5 55. Kf3 Rc1 56. Rb6+
Kg7 57. Nxb2 Rc3+ 58. Kf4 Nxb2 59. Rxb2 Rh3 60. Rb7+ Kh6 61. Rb5 Rxh4+ 62.
Kg3 Re4 63. Ra5 Kg7 64. Ra6 Kf7 0-1

[Event "ch-IND"]
[Site "Mumbai IND"]
[Date "2003.01.20"]
[Round "5"]
[White "Prathamesh,S"]
[Black "Ganguly,S"]
[Result "0-1"]
[WhiteElo "2366"]
[BlackElo "2556"]
[EventDate "2003.01.18"]

1. e4 c5 2. Nf3 e6 3. d4 cxd4 4. Nxd4 Nf6 5. Nc3 Nc6 6. Ndb5 d6 7. Bf4 e5
8. Bg5 a6 9. Na3 b5 10. Nd5 Be7 11. Bxf6 Bxf6 12. c3 Bg5 13. Nc2 Ne7 14.
Ncb4 O-O 15. a4 Nxd5 16. Nxd5 bxa4 17. Rxa4 a5 18. Bc4 Bd7 19. Ra2 Qc8 20.
Qd3 Qc6 21. h4 Bd8 22. Ne3 Rc8 23. b3 Be6 24. O-O Bxh4 25. Rxa5 Qb6 26. b4
Qc7 27. Bxe6 fxe6 28. g3 Bg5 29. Ng2 Be7 30. Ra3 Bd8 31. Ra6 Be7 32. Ra3
Qc6 33. b5 Qc5 34. Rb3 Bd8 35. Qe3 Bb6 36. Qxc5 Rxc5 37. Ne3 d5 38. Rd1 d4
39. cxd4 exd4 40. Ng2 e5 41. Ne1 Rc3 42. Rb2 d3 43. Rxd3 Rc1 44. Re2 Rxe1+
45. Rxe1 Bxf2+ 46. Kf1 Bxg3+ 47. Ke2 Bxe1 48. Kxe1 Rf4 49. Rb3 Rxe4+ 50.
Kd2 Rd4+ 51. Ke3 Kf7 52. b6 Rd8 53. Rc3 Rb8 54. Rc7+ Kf6 55. b7 h5 56. Ke4
h4 57. Kf3 g5 58. Kg4 e4 59. Rh7 Ke5 60. Kxg5 h3 61. Kg4 h2 62. Rxh2 Rxb7
63. Kg3 Rb3+ 64. Kg4 Kd4 65. Rh8 Rb1 66. Kg3 Ke3 67. Kg2 Ke2 68. Ra8 Rb2
69. Kg1 e3 70. Re8 Rb7 71. Rd8 Rg7+ 72. Kh2 Kf2 73. Rf8+ Ke1 74. Re8 e2 75.
Rd8 Rg5 76. Rd7 Kf2 77. Rf7+ Ke3 78. Re7+ Kf3 79. Re8 Rg4 0-1

[Event "ch-IND"]
[Site "Mumbai IND"]
[Date "2003.01.20"]
[Round "5"]
[White "Saravanan,V"]
[Black "Sriram,J"]
[Result "1/2-1/2"]
[WhiteElo "2357"]
[BlackElo "2448"]
[EventDate "2003.01.18"]

1. e4 c5 2. Nf3 d6 3. d4 cxd4 4. Nxd4 Nf6 5. Nc3 a6 6. Bg5 e6 7. Qd3 Be7 8.
O-O-O h6 9. Bh4 Nbd7 10. f4 g5 1/2-1/2

[Event "ch-IND"]
[Site "Mumbai IND"]
[Date "2003.01.21"]
[Round "6"]
[White "Barua,D"]
[Black "Neelotpal,D"]
[Result "1/2-1/2"]
[WhiteElo "2541"]
[BlackElo "2406"]
[EventDate "2003.01.18"]

1. e4 c5 2. Nf3 d6 3. d4 cxd4 4. Nxd4 Nf6 5. Nc3 Nc6 6. Be2 g6 7. O-O Bg7
8. Nb3 O-O 9. Re1 Be6 10. Bf1 d5 11. exd5 Nxd5 12. Ne4 Ndb4 13. Bd2 b6 14.
a3 Nd5 15. c4 Nf6 16. Ng3 Qc7 17. Bc3 Qf4 18. Nd4 Nxd4 19. Qxd4 Qxd4 20.
Bxd4 Rac8 21. b3 Rfd8 22. Rad1 Rd7 23. Bc3 Rxd1 24. Rxd1 Nd7 25. Bxg7 Kxg7
26. Ne2 Nc5 27. Nd4 Bd7 28. b4 Nb7 29. f4 Kf6 30. Kf2 Nd6 31. Rc1 e5 32.
fxe5+ Kxe5 33. Nf3+ Kf6 34. Rd1 Ke7 35. Rd4 Be6 36. Nd2 h5 37. g3 Rc7 38.
Bd3 1/2-1/2